Evaluación del comportamiento productivo de tres híbridos de yuca, bajo condiciones edáficas, en la FAE - UNI, 2021
El estudio consiste en que la yuca es el cuarto cultivo más importante de Nicaragua, debido a que se utiliza para el consumo humano, elaboración de Almidón y Harina, también es utilizado como alimento para el consumo animal
| Main Authors: | , |
|---|---|
| Other Authors: | |
| Format: | Tesis Section = Libro |
| Language: | Undetermined Spanish |
| Published: |
Managua
UNI
2021
|
| Subjects: |
| LEADER | 01106nam a2200265Ia 4500 | ||
|---|---|---|---|
| 008 | 240830s9999 xx 000 0 und d | ||
| 040 | |a BIBLIOTECA-RUPAP/ Mon 633.682 R696 | ||
| 041 | |a spa | ||
| 082 | |a Mon 633.682 R696 | ||
| 100 | 1 | |a Rodríguez López, Evelin Anahy | |
| 100 | 1 | |b Betanco Alfaro, Brenda Elizabeth | |
| 245 | 1 | 0 | |a Evaluación del comportamiento productivo de tres híbridos de yuca, bajo condiciones edáficas, en la FAE - UNI, 2021 |
| 260 | |a Managua |b UNI |c 2021 | ||
| 300 | |a 65 p.:il. | ||
| 500 | |a Contiene: anexos y CD. | ||
| 502 | |a Tesis (Ingeniero Agrícola) - UNI, 2021. | ||
| 520 | 3 | |a El estudio consiste en que la yuca es el cuarto cultivo más importante de Nicaragua, debido a que se utiliza para el consumo humano, elaboración de Almidón y Harina, también es utilizado como alimento para el consumo animal | |
| 650 | 7 | |a YUCA-CULTIVO-NICARAGUA | |
| 650 | 7 | |b YUCA-PRODUCCION | |
| 650 | 7 | |c YUCA-PLAGAS Y ENFERMEDADES | |
| 650 | 7 | |d YUCA-PROCESAMIENTO. | |
| 700 | 1 | |a Tutor: |b Padilla Duarte, Emilseth Carolina | |
| 942 | |c BK |2 ddc | ||
| 991 | |a TESIS | ||
| 999 | |c 19049 | ||